<?xml version="1.0" encoding="UTF-8"?><?xml-stylesheet type="text/xsl" href="static/style.xsl"?><OAI-PMH xmlns="http://www.openarchives.org/OAI/2.0/" xmlns:xsi="http://www.w3.org/2001/XMLSchema-instance" xsi:schemaLocation="http://www.openarchives.org/OAI/2.0/ http://www.openarchives.org/OAI/2.0/OAI-PMH.xsd"><responseDate>2026-06-02T17:41:13Z</responseDate><request verb="GetRecord" identifier="oai:riuma.uma.es:10630/17840" metadataPrefix="marc">https://riuma.uma.es/rest/oai/request</request><GetRecord><record><header><identifier>oai:riuma.uma.es:10630/17840</identifier><datestamp>2026-02-03T11:54:36Z</datestamp><setSpec>com_10630_2254</setSpec><setSpec>col_10630_37959</setSpec></header><metadata><record xmlns="http://www.loc.gov/MARC21/slim" xmlns:dcterms="http://purl.org/dc/terms/" xmlns:doc="http://www.lyncode.com/xoai" xmlns:xsi="http://www.w3.org/2001/XMLSchema-instance" xsi:schemaLocation="http://www.loc.gov/MARC21/slim http://www.loc.gov/standards/marcxml/schema/MARC21slim.xsd">
   <leader>00925njm 22002777a 4500</leader>
   <datafield ind2=" " ind1=" " tag="042">
      <subfield code="a">dc</subfield>
   </datafield>
   <datafield ind2=" " ind1=" " tag="720">
      <subfield code="a">Flores-Martín, Daniel</subfield>
      <subfield code="e">author</subfield>
   </datafield>
   <datafield ind2=" " ind1=" " tag="720">
      <subfield code="a">Perez-Vereda, Alejandro</subfield>
      <subfield code="e">author</subfield>
   </datafield>
   <datafield ind2=" " ind1=" " tag="720">
      <subfield code="a">Berrocal, Javier</subfield>
      <subfield code="e">author</subfield>
   </datafield>
   <datafield ind2=" " ind1=" " tag="720">
      <subfield code="a">Canal-Velasco, José Carlos</subfield>
      <subfield code="e">author</subfield>
   </datafield>
   <datafield ind2=" " ind1=" " tag="720">
      <subfield code="a">Murillo, Juan Manuel</subfield>
      <subfield code="e">author</subfield>
   </datafield>
   <datafield ind2=" " ind1=" " tag="260">
      <subfield code="c">2019-06-19</subfield>
   </datafield>
   <datafield ind2=" " ind1=" " tag="520">
      <subfield code="a">El ritmo al que crece Internet de las Cosas (IoT) es imparable. Existen multitud de fabricantes que desarrollan dispositivos IoT,&#xd;
siguiendo sus propias especificaciones y sin atender a un estándar que todavía no existe como tal. Esto nos lleva a una situación donde la gran heterogeneidad de dispositivos que podemos encontrar en el mercado, provoca que esta interconexión sea compleja o incluso no sea posible, impidiendo así que los dispositivos puedan coordinarse para desarrollar tareas colaborativas. Esta interconexión además depende del contexto, pues los dispositivos IoT deben adaptar su comportamiento dependiendo&#xd;
de las características de las personas que les rodean. Con nuestra propuesta, abordamos esta situación proponiendo un sistema que permita identificar una interconexión dinámica de dispositivos IoT que surja de situaciones cambiantes. Gracias a nuestro trabajo conseguimos que esta interconexión sea dependiente del contexto, creando un entorno colaborativo entre personas y dispositivos.</subfield>
   </datafield>
   <datafield ind1="8" ind2=" " tag="024">
      <subfield code="a">https://hdl.handle.net/10630/17840</subfield>
   </datafield>
   <datafield tag="653" ind2=" " ind1=" ">
      <subfield code="a">Ingeniería del software -- Congresos</subfield>
   </datafield>
   <datafield tag="653" ind2=" " ind1=" ">
      <subfield code="a">Bases de datos -- Congresos</subfield>
   </datafield>
   <datafield tag="653" ind2=" " ind1=" ">
      <subfield code="a">Congresos y conferencias</subfield>
   </datafield>
   <datafield ind2="0" ind1="0" tag="245">
      <subfield code="a">Coordinación de Dispositivos IoT mediante Web Semántica y Ontologías en Situational-Context</subfield>
   </datafield>
</record>
</metadata></record></GetRecord></OAI-PMH>